| 000 | 00708nam a22002297a 4500 | ||
|---|---|---|---|
| 003 | OSt | ||
| 005 | 20150507101942.0 | ||
| 008 | 130220t xxu||||| |||| 00| 0 eng d | ||
| 020 | _a9789814221269 | ||
| 050 |
_aRS 57 _b.P594 2007 |
||
| 100 |
_aPickar, Gloria D. _98425 |
||
| 245 |
_aDosage calculations / _cGloria D. Pickar. |
||
| 250 | _a2nd ed., Thomas Asian Ed. | ||
| 260 |
_aClifton Park, NY : _bThomson Delmar Learning, _c2007. |
||
| 300 |
_axv, 469 pages : _c28 cm. _billustrations ; |
||
| 562 | _e1 | ||
| 650 |
_aPharmaceutical arithmetic _97809 |
||
| 650 |
_aPharmaceutical preparations _xadministration & dosage _98426 |
||
| 650 |
_aMathematics _9210 |
||
| 942 |
_2lcc _cBK |
||
| 999 |
_c283875 _d283875 |
||